000 00356nam a22001457a 4500
003 MPLRDC
005 20220104160048.0
008 210129b ||||| |||| 00| 0 eng d
082 _a414.8 CCR-10
100 _a陈存仁编订
245 _a食补与食疗- 合订本
_c
260 _a
_b立基出版社
_c
650 _a医话
942 _cBK
_o414.8 CCR-10
999 _c54798
_d54788